Peinture Les signes du zodiaques - Statistiques

Statistiques générales
  • Ce quiz a été pris 227 fois
  • Le résultat moyen est 9 sur 12
Statistiques - réponses
Par images Réponse % Correct
Taureau
97%
Balance
85%
Bélier
85%
Verseau
82%
Capricorne
80%
Vierge
78%
Sagittaire
73%
Scorpion
72%
Lion
66%
Cancer
64%
Gémeaux
62%
Poissons
59%
Aucun quiz correspondant
Distribution des résultats
% des personnes avec chaque résultat
Percentile par nombre de réponses
Votre historique - résultats
Vous n’avez pas pris ce quiz